ბათუმის შოთა რუსთაველის სახელმწიფო უნივერსიტეტის ბიბლიოთეკა

Справочная книга по химизации сельского хозяйства (ბიბ.ჩანაწერი № 46097)

000 -LEADER
fixed length control field 00713nam a2200205Ia 4500
001 - CONTROL NUMBER
control field 12927
003 - CONTROL NUMBER IDENTIFIER
control field GE_BSU
008 - FIXED-LENGTH DATA ELEMENTS--GENERAL INFORMATION
fixed length control field 181216s||||||||xx |||||||||||||| ||und||
040 ## - CATALOGING SOURCE
Transcribing agency GE_BSU
080 ## - UNIVERSAL DECIMAL CLASSIFICATION NUMBER
Universal Decimal Classification number 631.8(035)
245 ## - TITLE STATEMENT
Title Справочная книга по химизации сельского хозяйства
245 ## - TITLE STATEMENT
Statement of responsibility, etc. Под.ред.В.М.Борисова. Ред. А.И.Григорьева и И.А.Курзина
250 ## - EDITION STATEMENT
Edition statement 2-ое дополн.и перераб.
260 ## - PUBLICATION, DISTRIBUTION, ETC.
Place of publication, distribution, etc. Москва
260 ## - PUBLICATION, DISTRIBUTION, ETC.
Name of publisher, distributor, etc. Колос
260 ## - PUBLICATION, DISTRIBUTION, ETC.
Date of publication, distribution, etc. 1980
300 ## - PHYSICAL DESCRIPTION
Extent 560стр.20см.
653 ## - INDEX TERM--UNCONTROLLED
Uncontrolled term Справочная книга по химизации сельского хозяйства
942 ## - ADDED ENTRY ELEMENTS (KOHA)
Koha item type წიგნი
ეგზემპლარები
Withdrawn status Lost status Damaged status Not for loan Date acquired Barcode Date last seen Price effective from Koha item type
        2018-12-17 20851 2018-12-17 2018-12-17 წიგნი